| 000 | 00527nam a2200193Ia 4500 | ||
|---|---|---|---|
| 999 |
_c3703 _d3703 |
||
| 003 | GBCCL | ||
| 005 | 20241126110501.0 | ||
| 008 | 171205b xxu||||| |||| 00| 0 eng d | ||
| 020 | _a0862011159 | ||
| 040 | _cgbc | ||
| 082 |
_a220.7 _bBIB |
||
| 100 |
_aWright, Chris _97333 |
||
| 245 |
_aProverbs - Isaiah 39 / _cChris Wright |
||
| 260 |
_bScripture Union, _aLondon: _c1983 |
||
| 300 |
_a120p.; _c21 cm. |
||
| 440 |
_aBible Study Commentary _97334 |
||
| 650 |
_aBible _vProverbs, Isaiah _xcommentaries _99310 |
||
| 942 |
_2ddc _cBK _03 |
||